skbl

Dr Suryya Kumar Bhuyan Library Web-OPAC
ডঃ সূৰ্য্য
কুমাৰ ভূঞা পুথিভঁৰাল ৱেব-অ'পেক

All Research Scholars are advised to clear the annual library fees to continue using Library Resources, Remote Access, Plagiarism Test and Library Clearance.

Cotton University Book Fair 2026

Bhulanath Das Rachanavali / (Record no. 1041)

MARC details
000 -LEADER
fixed length control field 00737nam a2200265Ia 4500
001 - CONTROL NUMBER
control field 1043
005 - DATE AND TIME OF LATEST TRANSACTION
control field 20240113233442.0
007 - PHYSICAL DESCRIPTION FIXED FIELD--GENERAL INFORMATION
fixed length control field ta
008 - FIXED-LENGTH DATA ELEMENTS--GENERAL INFORMATION
fixed length control field 050129s1977 a g b000 u asm u
020 ## - INTERNATIONAL STANDARD BOOK NUMBER
Terms of availability HB
040 ## - CATALOGING SOURCE
Original cataloging agency Cotton College,Assam
041 ## - LANGUAGE CODE
Language code of text/sound track or separate title asm
082 ## - DEWEY DECIMAL CLASSIFICATION NUMBER
Classification number 891.41
Item number D 26 B
100 ## - MAIN ENTRY--PERSONAL NAME
Personal name Barua, Atul Chandra .
245 #0 - TITLE STATEMENT
Title Bhulanath Das Rachanavali /
Statement of responsibility, etc. Atul Chandra Barua.
Medium Textual Documents
250 ## - EDITION STATEMENT
Edition statement 1st ed. /
260 ## - PUBLICATION, DISTRIBUTION, ETC.
Place of publication, distribution, etc. Guwahati :
Name of publisher, distributor, etc. Assam Prakashan Parishad ,
Date of publication, distribution, etc. 1977.
300 ## - PHYSICAL DESCRIPTION
Extent 446p. :
Other physical details ill ;
Dimensions 23cm .
653 ## - INDEX TERM--UNCONTROLLED
Uncontrolled term Assamese Lliterature-Collections
653 ## - INDEX TERM--UNCONTROLLED
Uncontrolled term Das, Bhulanath-Collections
653 ## - INDEX TERM--UNCONTROLLED
Uncontrolled term Reference-Assamese
942 ## - ADDED ENTRY ELEMENTS (KOHA)
Source of classification or shelving scheme Dewey Decimal Classification
Koha item type Books
Holdings
Withdrawn status Lost status Damaged status Not for loan Collection Home library Current library Date acquired Coded location qualifier Total checkouts Full call number Barcode Date last seen Copy number Price effective from Koha item type
          Dr. Suryya Kumar Bhuyan Library Dr. Suryya Kumar Bhuyan Library 01/02/2012 00000   891.41 D 26 B 2018/As64 13/01/2024 1 01/02/2012 Books

Designed and Maintained by Team SKBL
©1901-2026

Powered by Koha